Strzelcy Premier League w klubach 2008/09 - Statystyki

Ogólne statystyki
  • Ten quiz został rozwiązany 15 razy
  • Średni wynik to 7 z 20
Statystyki odpowiedzi
Klub Narodowość # Nazwisko % Poprawnych
Manchester United Portugalia 18 Cristiano Ronaldo
100%
Arsenal Holandia 11 Robin van Persie
92%
Newcastle United Nigeria/Anglia 8 Obafemi Martins/Michael Owen
69%
Everton Australia/Belgia 8 Tim Cahill/Marouane Fellaini
69%
Chelsea Francja 19 Nicolas Anelka
62%
Manchester City Brazylia 14 Robinho
62%
Liverpool Anglia 16 Steven Gerrard
62%
Portsmouth Anglia 10 Peter Crouch
54%
Fulham USA/Anglia 7 Clint Dempsey/Andy Johnson
38%
Tottenham Hotspur Anglia 12 Darren Bent
38%
Aston Villa Anglia/Norwegia 11 Gabriel Agbonlahor/John Carew
38%
Blackburn Rovers RPA 10 Benni McCarthy
15%
West Ham United Anglia 10 Carlton Cole
15%
Sunderland Francja/Trynidad i Tobago 10 Djibril Cissé/Kenwyne Jones
15%
West Bromwich Albion Irlandia Północna 9 Chris Brunt
8%
Hull City Brazylia 8 Geovanni
8%
Wigan Athletic Egipt 10 Amr Zaki
0%
Bolton Wanderers Anglia 11 Kevin Davies
0%
Stoke City Jamajka 11 Ricardo Fuller
0%
Middlesbrough Turcja 7 Tuncay Şanlı
0%
Nie znaleziono quizów pasujących do podanych kryteriów
Rozkład punktacji
Procent ludzi z każdym wynikiem
Percentyl według liczby udzielonych odpowiedzi
Twoja historia wyników
Nie rozwiązałeś tego quizu